000
00237nam a2200097Ia 4500
001
725139
005
20250826163403.0
008
250824s9999 xx 000 0 und d
245
0
_a
AYI OLAMAYAN AYI
_c
FRANK TASHLIN
260
_b
HAYY YAYINLARI
999
_c
725139
_d
725139